[Event "ZN-2013-0-02487"]
[Site "LSS email"]
[Date "2013.11.08"]
[Round "?"]
[White "Newton, Daryl"]
[Black "Las, Roman"]
[Result "1-0"]
[WhiteElo "528"]
[BlackElo "800"]
[PlyCount "27"]
[EventDate "2013.11.02"]
[EventType "match (corr)"]
[EventRounds "2"]
[EventCountry "GER"]
[SourceTitle "Corr 2015"]
[Source "ChessBase"]
[SourceDate "2015.07.17"]
[SourceVersion "1"]
[SourceVersionDate "2015.07.17"]
[SourceQuality "1"]

1. e4 c5 2. d4 cxd4 3. e5 Nc6 4. Nf3 Nxe5 5. Nxe5 Qa5+ 6. Bd2 Qxe5+ 7. Be2 Nf6 8. 0-0 e6 9. c3 Bc5 10. Bb5 0-0 11. Qf3 Bd6 12. Bf4 Qxf4 13. Qxf4 Bxf4 14. cxd4 1-0